logo

Bir Sreshtho Munshi Abdur Rouf Library
Jhenaidah Cadet College

ফল প্রক্রিয়াজাতকরণ / (Record no. 11386)

MARC details
000 -LEADER
fixed length control field 00755nam a2200229 a 4500
001 - CONTROL NUMBER
JCCL Control Number 11386
003 - CONTROL NUMBER IDENTIFIER
JCCL marc code BD-JhCC
005 - DATE AND TIME OF LATEST TRANSACTION
control field 20190921074306.0
008 - FIXED-LENGTH DATA ELEMENTS--GENERAL INFORMATION
fixed length control field 190607b 2009bg a|||| ||a| 001 0 ben d
020 ## - INTERNATIONAL STANDARD BOOK NUMBER
International Standard Book Number 9840747657
035 ## - SYSTEM CONTROL NUMBER
system control number (BD-JhCC)11385
040 ## - CATALOGING SOURCE
Original cataloging agency BD-JhCC
Modifying agency BD-JhCC
041 ## - LANGUAGE CODE
Language code of Book ben
082 ## - DEWEY DECIMAL CLASSIFICATION NUMBER
Author mark and Year ABD 2009
Classification number 664.8
100 ## - MAIN ENTRY--PERSONAL NAME
Personal name আব্দুর রাজ্জাক, মো:
245 ## - TITLE STATEMENT
Title ফল প্রক্রিয়াজাতকরণ /
Statement of responsibility, etc মো: আব্দুর রাজ্জাক ।
260 ## - PUBLICATION, DISTRIBUTION, ETC. (IMPRINT)
Place of publication, distribution, etc ঢাকা:
Name of publisher, distributor, etc বাংলা একাডেমী;
Date of publication, distribution, etc ২০০৯.
300 ## - PHYSICAL DESCRIPTION
Pagination ১৪৩ পৃ . :
Other physical details ill;
Dimensions ২২ সেমি.
650 ## - SUBJECT ADDED ENTRY--TOPICAL TERM
Topical term or geographic name as entry element Fruit--Preservation
942 ## - ADDED ENTRY ELEMENTS (KOHA)
Source of classification or shelving scheme Dewey Decimal Classification
Koha item type Books
Holdings
Source of classification or shelving scheme Damaged status Not for loan Home library Current library Shelving location Date of accession Cost, normal purchase price Total Checkouts Full call number Barcode Date last seen Copy number Koha item type
Dewey Decimal Classification     JCC Rouf Library JCC Rouf Library General Stacks 06/07/2019 130.00   664.8 RAZ 2009 15269 09/07/2019 C-1 Books

JCC Library | Contacts | JCC Home

Last Update on 23 September 2017
Copyright @ 2017-2020 JCC Rouf Library
Rouf Library, Jhenidah Cadet College (JCC), Bangladesh